Southville International School and Colleges
Your cart is empty.
  • Cart
  • Lists
    Public lists Eva Luna New books Lux_list list_1
    Your lists Log in to create your own lists
  • Log in to your account
  • Your cookies
  • Search history
Southville International School and Colleges
  • Advanced search
  • Recent comments
  • Most popular
  • Libraries

Log in to your account

Log in with GOOGLE


If you do not have an external account, but do have a local account, you can still log in:

  1. Home
  2. MARC view: International management ethics :
Normal view MARC view ISBD view

International management ethics : (Record no. 25402)

[ view plain ]
MARC details
000 -LEADER
fixed length control field 01675nam a2200241 a 4500
005 - DATE AND TIME OF LATEST TRANSACTION
control field 20140310183621.0
008 - FIXED-LENGTH DATA ELEMENTS--GENERAL INFORMATION
fixed length control field 121030s19uu xx 00 eng d
020 ## - INTERNATIONAL STANDARD BOOK NUMBER
International Standard Book Number 9780521618656
050 ## - LIBRARY OF CONGRESS CALL NUMBER
Classification number HF 5387
Item number .J2974 2011
100 ## - MAIN ENTRY--PERSONAL NAME
Personal name Jackson, Terence
245 ## - TITLE STATEMENT
Title International management ethics :
Remainder of title a critical, cross-cultural perspective /
Statement of responsibility, etc Terence Jackson.
260 ## - PUBLICATION, DISTRIBUTION, ETC. (IMPRINT)
Place of publication, distribution, etc Cambridge ; New York :
Name of publisher, distributor, etc Cambridge University Press,
Date of publication, distribution, etc 2011.
300 ## - PHYSICAL DESCRIPTION
Extent viii, 300 p. :
Other physical details ill. ;
Dimensions 25 cm.
500 ## - GENERAL NOTE
General note Includes bibliographical references and index.
520 ## - SUMMARY, ETC.
Summary, etc What can we learn about management ethics from other cultures and societies? In this textbook, cross-cultural management theory is applied and made relevant to management ethics. To help the reader understand different approaches that global businesses can take to operate successfully and ethically, there are chapters focusing on specific countries and regions. As well as giving the wider geographical, political and cultural contexts, the book includes numerous examples in every chapter to help the reader critique universal assumptions of what is ethical. By taking a closer look at the way we view other cultures and their values, the author challenges us to rethink commonly held assumptions and approaches in cross-cultural management, and to apply a more critical approach
521 ## - TARGET AUDIENCE NOTE
Target audience note
650 ## - SUBJECT ADDED ENTRY--TOPICAL TERM
Topical term or geographic name as entry element Business ethics
General subdivision Cross-cultural studies
650 ## - SUBJECT ADDED ENTRY--TOPICAL TERM
Topical term or geographic name as entry element Management
General subdivision Moral and ethical aspects
-- Cross-cultural studies
650 ## - SUBJECT ADDED ENTRY--TOPICAL TERM
Topical term or geographic name as entry element International business enterprises
General subdivision Management
-- Social aspects
650 ## - SUBJECT ADDED ENTRY--TOPICAL TERM
Topical term or geographic name as entry element Corporate culture
General subdivision Cross-cultural studies
942 ## - ADDED ENTRY ELEMENTS (KOHA)
Koha item type Books
Source of classification or shelving scheme Library of Congress Classification
Call number prefix Foreign
Holdings
Withdrawn status Lost status Source of classification or shelving scheme Damaged status Home library Current library Shelving location Date acquired Source of acquisition Cost, normal purchase price Total Checkouts Full call number Barcode Date last seen Date checked out Copy number Price effective from Koha item type
    Library of Congress Classification   College Library College Library General Circulation Section 10/30/2012 Donation 3145.00 1 HF 5387 .J2974 2011 C15466 10/30/2014 07/28/2014 1 10/18/2013 Books

International management ethics :

APA

Jackson T., . (2011). International management ethics. Cambridge ; New York: Cambridge University Press.

Chicago

Jackson Terence, . 2011. International management ethics. Cambridge ; New York: Cambridge University Press.

Harvard

Jackson T., . (2011). International management ethics. Cambridge ; New York: Cambridge University Press.

MLA

Jackson Terence, . International management ethics. Cambridge ; New York: Cambridge University Press. 2011.

  • Place hold
  • Print
  • Cite
  • Add to your cart (remove)
  • Save record
    BIBTEX Dublin Core MARCXML MARC (non-Unicode/MARC-8) MARC (Unicode/UTF-8) MARC (Unicode/UTF-8, Standard) MODS (XML) RIS
  • More searches
    Search for this title in:
    Other Libraries (WorldCat) Other Databases (Google Scholar) Online Stores (Bookfinder.com) Open Library (openlibrary.org)

Exporting to Dublin Core...

SOUTHVILLE LIBRARY

Southville International School and Colleges Library

1281 Tropical Ave. Cor. Luxembourg St., BF Homes International, Las Pinas City

Tel. No. 8256374 / 252358 Loc. 117/146

Powered by Koha